000 00818nam a22001337a 4500
040 _cRUA
082 _aAED NGA 2017 B466 Or.1
100 _aNGA VUTHY, ង៉ា វុទ្ធី
245 _athe study on efficiency of irrigation system using on spean sraeng commune, phnom srok district, banteay meanchey province,ការសិក្សាអំពីប្រសិទ្ធភាពនៃការប្រើប្រាស់ប្រព័ន្ធធារាសាស្រ្តនៅឃុំស្ពានស្រែន ស្រុកភ្នំស្រុក ខេត្តបន្ទាយមានជ័យ
260 _aRUA
_bphnom penh
_c2017
300 _axi;57p;
_bill;
_c29cm;
856 _uhttps://drive.google.com/file/d/1KUSlSI3sk17aWNwU9r-07pG_3EmPZlO-/view?usp=sharing
942 _cAED
999 _c19238
_d19238